Statistics for Poorest country by UN region

Click here to take the quiz!

General Stats

  • This quiz has been taken 48 times
  • The average score is 15 of 22

Answer Stats

SubcontinentGDP per capitaCountry% Correct
Caribbean1,863.3Haiti
93%
Middle Africa871.5Central African Republic
88%
Australia and New Zealand41,025.6New Zealand
86%
Central America5,129.7Honduras
83%
Eastern Europe7,300.9Moldova
83%
South America7,859.3Bolivia
81%
Northern Africa4,759.3Sudan
79%
Northern America48,106.9Canada
76%
Southern Africa3,223Lesotho
74%
Western Africa1,048.5Niger
74%
Southern Asia1,951.6Afghanistan
71%
Southeastern Asia4,354.1Cambodia
71%
Western Asia2,570.6Yemen
71%
Eastern Africa742.8Burundi
64%
Micronesia2,289.9Kiribati
62%
Northern Europe30,692.2Latvia
62%
Western Europe45,342.4France
60%
Melanesia2,409.4Solomon Islands
60%
Southern Europe11,367.7Kosovo
57%
Central Asia3,443.7Tajikistan
57%
Polynesia6,850.4Samoa
50%
Eastern Asia13,735.4Mongolia
45%

Score Distribution

Percentile by Number Answered

Percent of People with Each Score

Your Score History

You have not taken this quiz